| 000 | 00862cab a2200253 4500 | ||
|---|---|---|---|
| 001 | ABS49465 | ||
| 008 | 090401t1993 xxu||||| |||| 00| 0 eng d | ||
| 035 | _a(Sirsi) u71412 | ||
| 041 | _aeng | ||
| 100 | _aHoward, E. | ||
| 245 | _aAssessing the impact of shopping-centre development : the Meadowhall case | ||
| 260 | _c1993 | ||
| 350 | _a0 | ||
| 490 |
_aJournal of Property Research _v(10) Summer 1993, 97-119(23) |
||
| 520 | _aConsiders the effects of the Meadowhall shopping centre on customer behaviour, covering both users and non-users of the new centre. Draws comparisons with the MetroCentre. | ||
| 650 | _aCONSUMERS | ||
| 650 | _aMEADOWHALL SHOPPING CENTRE | ||
| 650 | _aPOLARISATION | ||
| 650 | _aRETAILING | ||
| 650 | _aSHOPPING CENTRES | ||
| 690 | _aPROPERTY-COMMERCIAL PROPERTY-RETAIL PROPERTY | ||
| 942 | _n0 | ||
| 948 | _c04/03/1997 | ||
| 999 |
_c45013 _d45013 |
||